000 00778cam a22002292 4500
001 0000025130
005 20151217152308.0
008 141205s xx 000 0 eng d
020 _a8122427639 :
040 _aKABU
_cKABU
100 1 _aKaushik, C.P.
_@0000185542
245 1 0 _aBasic civil and environmental engineering (as per Pune University syllabus) /
_cby C.P. Kaushik, S.S. Bhavikatti, Anubha kaushik.
250 _aNew Age ed.
260 _aNew delhi :
_bNew Age International,
_c2010.
300 _axii, 183 p.
650 0 _aEnvironmental engineering.
_@0000156200
700 1 _aBhavikatti, S.S.
_@0000185543
700 1 _aKaushik, Anubha.
_@0000185544
852 1 _9p337.70 KES
908 _a141205
950 _@1
999 _c10458
_d10458